00294nam a2200121Ia 4500003000400000020001500004082001700019100001600036245005000052260004200102300001600144546001200160OSt a8170963443 a658.3 AHU/PE aAhuja, K K aPersonnel management and industrial relations bKalyani PublicationsaNew Delhic1990 axiii, 384p. aEnglish